<?xml version="1.0" encoding="UTF-8"?>
<record
    xmlns:xsi="http://www.w3.org/2001/XMLSchema-instance"
    xsi:schemaLocation="http://www.loc.gov/MARC21/slim http://www.loc.gov/standards/marcxml/schema/MARC21slim.xsd"
    xmlns="http://www.loc.gov/MARC21/slim">

  <leader>01295    a2200265   4500</leader>
  <controlfield tag="003">NALT</controlfield>
  <controlfield tag="005">20220526145352.0</controlfield>
  <controlfield tag="008">220426b        th ||||| |||| 00| 0 tha d</controlfield>
  <datafield tag="020" ind1=" " ind2=" ">
    <subfield code="a">9786168221747</subfield>
  </datafield>
  <datafield tag="040" ind1=" " ind2=" ">
    <subfield code="a">NALT</subfield>
  </datafield>
  <datafield tag="050" ind1=" " ind2=" ">
    <subfield code="a">Z 1003</subfield>
    <subfield code="b">&#xE21;312&#xE25; 2564</subfield>
  </datafield>
  <datafield tag="100" ind1="0" ind2=" ">
    <subfield code="a">&#xE21;&#xE31;&#xE07;&#xE40;&#xE01;&#xE25;, &#xE2D;&#xE31;&#xE25;&#xE40;&#xE1A;&#xE23;&#xE4C;&#xE42;&#xE15;.</subfield>
  </datafield>
  <datafield tag="245" ind1="1" ind2="0">
    <subfield code="a">&#xE42;&#xE25;&#xE01;&#xE43;&#xE19;&#xE21;&#xE37;&#xE2D;&#xE19;&#xE31;&#xE01;&#xE2D;&#xE48;&#xE32;&#xE19; = </subfield>
    <subfield code="b">A history of reading /</subfield>
    <subfield code="c">by Alberto Manguel ; &#xE41;&#xE1B;&#xE25;&#xE42;&#xE14;&#xE22; &#xE01;&#xE29;&#xE21;&#xE32; &#xE2A;&#xE31;&#xE15;&#xE22;&#xE32;&#xE19;&#xE38;&#xE23;&#xE31;&#xE01;&#xE29;&#xE4C; &#xE41;&#xE25;&#xE30; &#xE14;&#xE19;&#xE22;&#xE32; &#xE01;&#xE19;&#xE01;&#xE23;&#xE30;&#xE22;&#xE49;&#xE32;.</subfield>
  </datafield>
  <datafield tag="250" ind1=" " ind2=" ">
    <subfield code="a">&#xE1E;&#xE34;&#xE21;&#xE1E;&#xE4C;&#xE04;&#xE23;&#xE31;&#xE49;&#xE07;&#xE17;&#xE35;&#xE48; 2.</subfield>
  </datafield>
  <datafield tag="260" ind1=" " ind2=" ">
    <subfield code="a">&#xE01;&#xE23;&#xE38;&#xE07;&#xE40;&#xE17;&#xE1E;&#xE2F; :</subfield>
    <subfield code="b">&#xE1A;&#xE38;&#xE4A;&#xE04;&#xE2A;&#xE40;&#xE04;&#xE1B;,</subfield>
    <subfield code="c">2564.</subfield>
  </datafield>
  <datafield tag="300" ind1=" " ind2=" ">
    <subfield code="a">567 &#xE2B;&#xE19;&#xE49;&#xE32; : </subfield>
    <subfield code="b">&#xE20;&#xE32;&#xE1E;&#xE1B;&#xE23;&#xE30;&#xE01;&#xE2D;&#xE1A; ;</subfield>
    <subfield code="c">21 &#xE0B;&#xE21;.</subfield>
  </datafield>
  <datafield tag="650" ind1=" " ind2="4">
    <subfield code="9">57802</subfield>
    <subfield code="a">&#xE2B;&#xE19;&#xE31;&#xE07;&#xE2A;&#xE37;&#xE2D;&#xE41;&#xE25;&#xE30;&#xE01;&#xE32;&#xE23;&#xE2D;&#xE48;&#xE32;&#xE19; </subfield>
    <subfield code="x">&#xE1B;&#xE23;&#xE30;&#xE27;&#xE31;&#xE15;&#xE34;</subfield>
  </datafield>
  <datafield tag="650" ind1=" " ind2="4">
    <subfield code="9">57803</subfield>
    <subfield code="a">&#xE01;&#xE32;&#xE23;&#xE2D;&#xE48;&#xE32;&#xE19; </subfield>
    <subfield code="x">&#xE1B;&#xE23;&#xE30;&#xE27;&#xE31;&#xE15;&#xE34;</subfield>
  </datafield>
  <datafield tag="700" ind1="1" ind2=" ">
    <subfield code="9">11453</subfield>
    <subfield code="a">Manguel, Alberto </subfield>
  </datafield>
  <datafield tag="700" ind1="0" ind2=" ">
    <subfield code="9">37171</subfield>
    <subfield code="a">&#xE01;&#xE29;&#xE21;&#xE32; &#xE2A;&#xE31;&#xE15;&#xE22;&#xE32;&#xE2B;&#xE38;&#xE23;&#xE31;&#xE01;&#xE29;&#xE4C;</subfield>
  </datafield>
  <datafield tag="700" ind1="0" ind2=" ">
    <subfield code="9">57824</subfield>
    <subfield code="a">&#xE14;&#xE19;&#xE22;&#xE32; &#xE01;&#xE19;&#xE01;&#xE23;&#xE30;&#xE22;&#xE49;&#xE32;</subfield>
  </datafield>
  <datafield tag="850" ind1=" " ind2=" ">
    <subfield code="a">NALT</subfield>
  </datafield>
  <datafield tag="942" ind1=" " ind2=" ">
    <subfield code="2">local</subfield>
    <subfield code="c">GB</subfield>
  </datafield>
  <datafield tag="998" ind1=" " ind2=" ">
    <subfield code="c">DAO</subfield>
    <subfield code="j">2118</subfield>
    <subfield code="k"> &#xE27;&#xE34;&#xE20;&#xE32;&#xE27;&#xE23;&#xE23;&#xE13;  &#xE40;&#xE2A;&#xE47;&#xE07;&#xE08;&#xE35;&#xE19;</subfield>
  </datafield>
  <datafield tag="999" ind1=" " ind2=" ">
    <subfield code="c">99981</subfield>
    <subfield code="d">99981</subfield>
  </datafield>
  <datafield tag="952" ind1=" " ind2=" ">
    <subfield code="0">0</subfield>
    <subfield code="1">0</subfield>
    <subfield code="2">lcc</subfield>
    <subfield code="4">0</subfield>
    <subfield code="7">0</subfield>
    <subfield code="8">CGBL</subfield>
    <subfield code="a">NALT</subfield>
    <subfield code="b">NALT</subfield>
    <subfield code="c">GEN</subfield>
    <subfield code="d">2022-04-21</subfield>
    <subfield code="e">1</subfield>
    <subfield code="o">Z 1003 &#xE21;312&#xE25; 2564</subfield>
    <subfield code="p">3961212675</subfield>
    <subfield code="r">2022-05-20 00:00:00</subfield>
    <subfield code="t">&#xE09;.1</subfield>
    <subfield code="w">2022-04-21</subfield>
    <subfield code="y">GB</subfield>
  </datafield>
  <datafield tag="952" ind1=" " ind2=" ">
    <subfield code="0">0</subfield>
    <subfield code="1">0</subfield>
    <subfield code="2">lcc</subfield>
    <subfield code="4">0</subfield>
    <subfield code="7">0</subfield>
    <subfield code="8">CGBL</subfield>
    <subfield code="a">NALT</subfield>
    <subfield code="b">NALT</subfield>
    <subfield code="c">GEN</subfield>
    <subfield code="d">2022-04-21</subfield>
    <subfield code="e">1</subfield>
    <subfield code="l">1</subfield>
    <subfield code="o">Z 1003 &#xE21;312&#xE25; 2564</subfield>
    <subfield code="p">3961212676</subfield>
    <subfield code="r">2022-06-02 00:00:00</subfield>
    <subfield code="s">2022-05-26</subfield>
    <subfield code="t">&#xE09;.2</subfield>
    <subfield code="w">2022-04-21</subfield>
    <subfield code="y">GB</subfield>
  </datafield>
</record>
